Angel Riviere : la búsqueda del sentido en la clínica del autismo (Record no. 127589)
[ view plain ]
| 000 -CABECERA | |
|---|---|
| campo de control de longitud fija | 00548nab a2200181 a 4500 |
| 005 - FECHA Y HORA DE LA ÚLTIMA TRANSACCIÓN | |
| campo de control | 20210219155947.0 |
| 008 - ELEMENTOS DE LONGITUD FIJA--INFORMACIÓN GENERAL | |
| campo de control de longitud fija | 991125s1985 mx 000 0 spa u |
| 035 ## - NÚMERO DE CONTROL DEL SISTEMA | |
| Número de control de sistema | UPN01000155474 |
| 100 1# - ASIENTO PRINCIPAL--NOMBRE PERSONAL | |
| Nombre de persona | Ventoso, Rosa |
| 222 ## - TÍTULO CLAVE | |
| Título clave | INFANCIA Y APRENDIZAJE = JOURNAL FOR THE STUDY OF EDUCATION AND DEVELOPMENT |
| 245 ## - MENCIÓN DE TÍTULO | |
| Título | Angel Riviere : la búsqueda del sentido en la clínica del autismo |
| 260 ## - PUBLICACIÓN, DISTRIBUCIÓN, ETC. | |
| Lugar de publicación, distribución, etc. | Madrid, España |
| 300 ## - DESCRIPCIÓN FÍSICA | |
| Extensión | 413-437 |
| 362 0# - FECHAS DE PUBLICACIÓN Y/O DESIGNACIÓN SECUENCIAL | |
| Fecha de publicación y/o designación secuencial | 2007 Vol. 30, no. 3 |
| 653 0# - TERMINO DE INDIZACION - NO CONTROLADO | |
| Término no controlado | AUTISMO |
| 653 0# - TERMINO DE INDIZACION - NO CONTROLADO | |
| Término no controlado | RIVIERE, ANGEL |
| 905 ## - TIPO DE MATERIAL | |
| Tipo de material | Articulo |
No items available.
